| 000 | 00560nam a2200217Ia 4500 | ||
|---|---|---|---|
| 003 | OSt | ||
| 005 | 20220928141703.0 | ||
| 006 | a|||||r|||| 00| 0 | ||
| 007 | ta | ||
| 008 | 220927b |||||||| |||| 00| 0 eng d | ||
| 024 | _a16796 | ||
| 037 | _cTextual | ||
| 040 |
_aSDCL _cSDCL _beng |
||
| 041 |
_2eng _aeng |
||
| 082 | _aD651:911, M1.2 | ||
| 100 |
_aHuang T S Ed. _9501568 |
||
| 245 | 0 | _aTwo-dimensional digital signal processing.V2. | |
| 260 | _c1981 | ||
| 942 |
_hD651:911, M1.2 _cTEXL _2CC |
||
| 999 |
_c819128 _d819128 |
||